[Event "GRE-chT Online Rapid op 1st"]
[Site "Tornelo INT"]
[Date "2021.02.21"]
[Round "6.3"]
[White "Kouvidis, Ioannis"]
[Black "Kanakaris, Georgios"]
[Result "1-0"]
[WhiteElo "2024"]
[BlackElo "2400"]
[PlyCount "75"]
[EventDate "2021.02.20"]
[EventType "team-swiss (rapid)"]
[EventRounds "9"]
[EventCountry "GRE"]
[SourceTitle "EXT 2023"]
[Source "ChessBase"]
[SourceDate "2022.10.05"]
[SourceVersion "1"]
[SourceVersionDate "2022.10.05"]
[SourceQuality "1"]

1. e4 e6 2. d4 d5 3. Nc3 Bb4 4. e5 c5 5. Bd2 Ne7 6. a3 Bxc3 7. Bxc3 b6 8. Bb5+ Nbc6 9. Nf3 a6 10. Bd3 a5 11. 0-0 Ba6 12. Re1 Bxd3 13. Qxd3 c4 14. Qd2 b5 15. Qf4 Nf5 16. Red1 0-0 17. h4 f6 18. Re1 b4 19. axb4 axb4 20. Rxa8 Qxa8 21. Bd2 fxe5 22. Nxe5 Nfxd4 23. Qg4 Nf5 24. Nxc6 Qxc6 25. Bxb4 Rd8 26. Qg5 Re8 27. h5 h6 28. Qg6 Qd7 29. Bd2 Qf7 30. Qg4 Rb8 31. Bc3 Rc8 32. Ra1 Rd8 33. Be5 Rf8 34. Ra6 Re8 35. Rc6 Qd7 36. Rc7 Qd8 37. Rxg7+ Kf8 38. Qg6 1-0

[Event "GRE-chT Online Rapid op 1st"]
[Site "Tornelo INT"]
[Date "2021.02.21"]
[Round "8.7"]
[White "Papasimakopoulos, Alexandros"]
[Black "Kouvidis, Ioannis"]
[Result "1/2-1/2"]
[WhiteElo "2251"]
[BlackElo "2024"]
[PlyCount "98"]
[EventDate "2021.02.20"]
[EventType "team-swiss (rapid)"]
[EventRounds "9"]
[EventCountry "GRE"]
[SourceTitle "EXT 2023"]
[Source "ChessBase"]
[SourceDate "2022.10.05"]
[SourceVersion "1"]
[SourceVersionDate "2022.10.05"]
[SourceQuality "1"]

1. d4 Nf6 2. c4 c5 3. d5 d6 4. Nc3 g6 5. e4 Bg7 6. Bd3 0-0 7. h3 Na6 8. Nf3 Nc7 9. 0-0 e6 10. Rb1 exd5 11. exd5 Re8 12. Bf4 b5 13. b3 b4 14. Ne2 a5 15. Ng3 Qd7 16. Bc2 Ba6 17. Ng5 Re7 18. Qf3 a4 19. N5e4 Nxe4 20. Nxe4 Ne8 21. Bg5 Re5 22. Bf4 Re7 23. Bg5 Re5 24. Bc1 a3 25. Bf4 Re7 26. Rfe1 f5 27. Ng5 Nc7 28. Qg3 Rxe1+ 29. Rxe1 Re8 30. Rxe8+ Nxe8 31. Ne6 Bc8 32. Qe3 Bf6 33. g4 fxg4 34. hxg4 Ng7 35. g5 Bc3 36. Bd1 Nf5 37. Qe4 Qf7 38. Bg4 Bd7 39. Bxf5 gxf5 40. Qe3 Qe7 41. Nc7 Be5 42. Bxe5 dxe5 43. f4 e4 44. Na6 Qg7 45. Kf2 Qb2+ 46. Qe2 Qd4+ 47. Qe3 Qb2+ 48. Qe2 Qd4+ 49. Qe3 Qb2+ 1/2-1/2

[Event "GRE-ch South U16"]
[Site "Athens"]
[Date "2020.09.01"]
[Round "7"]
[White "Kouvidis, Ioannis"]
[Black "Papaioannou, Dimitrios1111"]
[Result "1-0"]
[WhiteElo "2040"]
[BlackElo "1769"]
[PlyCount "103"]
[EventDate "2020.08.28"]
[EventType "swiss"]
[EventRounds "9"]
[EventCountry "GRE"]
[SourceTitle "EXT 2023"]
[Source "ChessBase"]
[SourceDate "2022.10.05"]
[SourceVersion "1"]
[SourceVersionDate "2022.10.05"]
[SourceQuality "1"]

1. e4 e5 2. Nc3 Nc6 3. Bc4 Nf6 4. d3 Bc5 5. f4 exf4 6. Bxf4 d6 7. Nf3 Bg4 8. Qd2 0-0 9. Bg5 Nd4 10. Nd5 Bxf3 11. Bxf6 gxf6 12. Qh6 Nxc2+ 13. Kd2 Be3+ 14. Nxe3 Nxe3 15. Qxe3 d5 16. Bxd5 c6 17. gxf3 cxd5 18. Rhg1+ Kh8 19. Qh6 Rg8 20. Rxg8+ Qxg8 21. Qxf6+ Qg7 22. Qxg7+ Kxg7 23. Rc1 dxe4 24. fxe4 b5 25. d4 Kf6 26. Rc6+ Ke7 27. Rc7+ Ke6 28. Rc6+ Ke7 29. Rh6 Rg8 30. Rxh7 Rg2+ 31. Kc3 b4+ 32. Kb3 a5 33. Rh5 a4+ 34. Kxb4 Rxb2+ 35. Ka3 Rd2 36. d5 Rd3+ 37. Kxa4 Rd4+ 38. Kb5 Rxe4 39. a4 Re2 40. a5 Kd6 41. Kb6 Rb2+ 42. Ka7 Ra2 43. a6 Kc5 44. h4 Kb5 45. d6+ Kc6 46. Rd5 Kd7 47. h5 f6 48. Kb6 f5 49. Rxf5 Kxd6 50. a7 Rb2+ 51. Rb5 Ra2 52. Kb7 1-0

[Event "GRE-ch South U16"]
[Site "Athens"]
[Date "2020.08.29"]
[Round "3"]
[White "Kouvidis, Ioannis"]
[Black "Nteligiorgis, Eleftherios"]
[Result "1-0"]
[WhiteElo "2040"]
[BlackElo "1968"]
[PlyCount "95"]
[EventDate "2020.08.28"]
[EventType "swiss"]
[EventRounds "9"]
[EventCountry "GRE"]
[SourceTitle "EXT 2023"]
[Source "ChessBase"]
[SourceDate "2022.10.05"]
[SourceVersion "1"]
[SourceVersionDate "2022.10.05"]
[SourceQuality "1"]

1. e4 c5 2. Nf3 e6 3. d4 cxd4 4. Nxd4 a6 5. Bd3 Nf6 6. Nc3 d6 7. 0-0 Nbd7 8. Nb3 b5 9. f4 Bb7 10. Qf3 h5 11. Kh1 Be7 12. Be3 Qc7 13. Rae1 g6 14. a3 Rc8 15. Bg1 Nb6 16. Qh3 Nc4 17. Bxc4 bxc4 18. Nd4 Qd7 19. Nf3 Ng4 20. Qg3 f5 21. Bd4 h4 22. Qh3 Rh5 23. Bg1 Kf7 24. Nd4 Rh6 25. Nd1 Kg7 26. Nxe6+ Qxe6 27. exf5 Qf6 28. Bd4 Qxd4 29. Rxe7+ Kf8 30. Rxb7 Qe4 31. Qf3 Qxf5 32. Ne3 Nxe3 33. Qxe3 Qf6 34. Re1 h3 35. Qe7+ Qxe7 36. Rexe7 hxg2+ 37. Kxg2 Rh5 38. Rf7+ Kg8 39. Rg7+ Kh8 40. Rxg6 c3 41. Rxd6 Rg8+ 42. Kh1 cxb2 43. Rxb2 Rh4 44. Rb7 Rc8 45. f5 Rf4 46. Rh6+ Kg8 47. f6 Rxc2 48. Rg7+ 1-0

[Event "GRE-ch U20"]
[Site "Trikala"]
[Date "2020.08.19"]
[Round "4"]
[White "Stamatiou, Rodolfos"]
[Black "Kouvidis, Ioannis"]
[Result "1/2-1/2"]
[WhiteElo "2079"]
[BlackElo "2040"]
[PlyCount "62"]
[EventDate "2020.08.17"]
[EventType "swiss"]
[EventRounds "9"]
[EventCountry "GRE"]
[SourceTitle "CBM 198 Extra"]
[Source "ChessBase"]
[SourceDate "2020.11.30"]
[SourceVersion "1"]
[SourceVersionDate "2020.11.30"]
[SourceQuality "1"]

1. e4 c5 2. Nf3 Nc6 3. d4 cxd4 4. Nxd4 Nf6 5. Nc3 d6 6. Bg5 e6 7. Qd2 a6 8. 0-0-0 Bd7 9. f4 Be7 10. Be2 b5 11. Bf3 Rc8 12. e5 dxe5 13. Nxc6 Bxc6 14. Qe3 Qc7 15. Qxe5 Bxf3 16. gxf3 b4 17. Qxc7 Rxc7 18. Ne4 Nxe4 19. fxe4 Bxg5 20. fxg5 Ke7 21. h4 Rhc8 22. Rh2 Rc4 23. Re2 R8c5 24. b3 Rc3 25. Rd4 a5 26. Kb2 h6 27. Red2 Rc7 28. gxh6 gxh6 29. Re2 h5 30. e5 R3c5 31. Rf4 Rc3 1/2-1/2

[Event "Paleochora op 13th"]
[Site "Paleochora"]
[Date "2020.07.19"]
[Round "2"]
[White "Maerevoet, Sim"]
[Black "Kouvidis, Ioannis"]
[Result "1/2-1/2"]
[WhiteElo "2395"]
[BlackElo "2076"]
[PlyCount "96"]
[EventDate "2020.07.18"]
[EventType "swiss"]
[EventRounds "9"]
[EventCountry "GRE"]
[SourceTitle "EXT 2021"]
[Source "ChessBase"]
[SourceDate "2020.10.23"]
[SourceVersion "1"]
[SourceVersionDate "2020.10.23"]
[SourceQuality "1"]

1. d4 Nf6 2. c4 g6 3. Nc3 Bg7 4. e4 d6 5. Nf3 0-0 6. Be2 e5 7. d5 Na6 8. Nd2 Nd7 9. g4 Bh6 10. h4 Bf4 11. h5 g5 12. a3 Nf6 13. b4 h6 14. Nb3 Qe7 15. Be3 c6 16. dxc6 bxc6 17. Na5 Nb8 18. Ra2 Rd8 19. Rd2 Be6 20. Bf3 Qc7 21. Rg1 Bxe3 22. fxe3 Ne8 23. Kf2 Nd7 24. Nd5 cxd5 25. exd5 Bf5 26. gxf5 e4 27. Bxe4 Nef6 28. Rd4 Re8 29. Bc2 Ne5 30. Ba4 Re7 31. Qc2 Qb6 32. Nc6 Nxc6 33. Bxc6 Rc8 34. Qd3 Re5 35. Rc1 Qc7 36. Ke2 Nxh5 37. Kd2 Nf6 38. Ba4 Qe7 39. Rf1 Qc7 40. Bc2 Rce8 41. Re1 Qe7 42. Ba4 Rc8 43. e4 Kg7 44. Qh3 Rxe4 45. Rdxe4 Nxe4+ 46. Rxe4 Qxe4 47. f6+ Kxf6 48. Qxc8 Qe7 1/2-1/2

[Event "GRE-ch U18 23rd"]
[Site "Rethymno"]
[Date "2020.01.05"]
[Round "6"]
[White "Kouvidis, Ioannis"]
[Black "Paraskevopoulos, Savvas Anastasios"]
[Result "1-0"]
[WhiteElo "2128"]
[BlackElo "1133"]
[PlyCount "69"]
[EventDate "2020.01.02"]
[EventType "swiss"]
[EventRounds "9"]
[EventCountry "GRE"]
[SourceTitle "EXT 2021"]
[Source "ChessBase"]
[SourceDate "2020.10.23"]
[SourceVersion "1"]
[SourceVersionDate "2020.10.23"]
[SourceQuality "1"]

1. Nc3 d5 2. d4 f5 3. Bf4 Nf6 4. e3 c6 5. Nf3 e6 6. Ne5 Nbd7 7. Bd3 Be7 8. h3 Nxe5 9. Bxe5 0-0 10. Ne2 Bd6 11. g4 Bxe5 12. dxe5 Ne4 13. Bxe4 fxe4 14. Qd2 Qc7 15. Qc3 a6 16. Rf1 Bd7 17. 0-0-0 b6 18. Nf4 a5 19. f3 a4 20. fxe4 dxe4 21. a3 c5 22. h4 Rae8 23. Rd6 b5 24. Rfd1 Re7 25. Qd2 Bc8 26. Kb1 g6 27. g5 Qb7 28. Qc3 Qc7 29. h5 Kg7 30. hxg6 hxg6 31. Rh1 Rxf4 32. exf4 Rf7 33. Qh3 Kf8 34. Qh8+ Ke7 35. Rh7 1-0

[Event "Anogia op 8th"]
[Site "Anogia"]
[Date "2019.08.20"]
[Round "4"]
[White "Kouvidis, Ioannis"]
[Black "Papadopoulos, Panayotis"]
[Result "1/2-1/2"]
[WhiteElo "2000"]
[BlackElo "2208"]
[PlyCount "121"]
[EventDate "2019.08.18"]
[EventType "swiss"]
[EventRounds "9"]
[EventCountry "GRE"]
[SourceTitle "EXT 2020"]
[Source "ChessBase"]
[SourceDate "2019.10.17"]
[SourceVersion "1"]
[SourceVersionDate "2019.10.17"]
[SourceQuality "1"]

1. e4 c5 2. Nc3 g6 3. g3 Bg7 4. Bg2 Nc6 5. d3 Rb8 6. Be3 d6 7. Qd2 b5 8. Nge2 b4 9. Nd1 Nd4 10. 0-0 e6 11. Nc1 Ne7 12. c3 Ndc6 13. Bh6 0-0 14. Bxg7 Kxg7 15. Ne3 bxc3 16. bxc3 e5 17. f4 f6 18. Ne2 Be6 19. Rfd1 Qb6 20. d4 cxd4 21. cxd4 Na5 22. Rac1 Rfc8 23. Kh1 Qb4 24. fxe5 fxe5 25. Rc2 Rc6 26. Rxc6 Qxd2 27. Rc8 Bxc8 28. Rxd2 Nec6 29. Bf3 Rb5 30. Bg4 Rb1+ 31. Kg2 Ba6 32. dxe5 Nxe5 33. Nf4 Nxg4 34. Nxg4 Nc4 35. Ne6+ Kf7 36. Ng5+ Ke7 37. Rf2 Bc8 38. Rf7+ Kd8 39. Nf2 h6 40. Nh7 Rb7 41. Rxb7 Bxb7 42. Nf8 Nd2 43. Nxg6 Nxe4 44. Kf1 Nc3 45. a3 Nb1 46. a4 a5 47. Nd1 Bc6 48. Nb2 Nc3 49. Nc4 Nxa4 50. Nxa5 Bb5+ 51. Ke1 Nc5 52. Nf4 Kd7 53. g4 Ke7 54. Nd5+ Kf7 55. h4 Bd7 56. g5 hxg5 57. hxg5 Ne4 58. Nc4 Be6 59. g6+ Kg7 60. Nce3 Kxg6 61. Nf4+ 1/2-1/2

[Event "GRE-chT 47th"]
[Site "Patras"]
[Date "2019.07.03"]
[Round "3.4"]
[White "Stefanou, Dimitrios"]
[Black "Kouvidis, Ioannis"]
[Result "1/2-1/2"]
[WhiteElo "1975"]
[BlackElo "2053"]
[PlyCount "76"]
[EventDate "2019.07.02"]
[EventType "team-swiss"]
[EventRounds "7"]
[EventCountry "GRE"]
[SourceTitle "CBM 191 Extra"]
[Source "ChessBase"]
[SourceDate "2019.09.30"]
[SourceVersion "1"]
[SourceVersionDate "2019.09.30"]
[SourceQuality "1"]
[WhiteTeam "Kavalas"]
[BlackTeam "OFI"]
[WhiteTeamCountry "GRE"]
[BlackTeamCountry "GRE"]

1. d4 Nf6 2. Nf3 g6 3. g3 Bg7 4. Bg2 0-0 5. 0-0 d6 6. a4 a5 7. Nc3 d5 8. Bf4 c6 9. Re1 Bf5 10. Ne5 Nbd7 11. e4 Nxe4 12. Nxe4 Bxe4 13. Bxe4 dxe4 14. Rxe4 Nf6 15. Re1 Nd5 16. Bd2 Qc8 17. Qf3 Nf6 18. Rad1 Rd8 19. Nc4 Qh3 20. c3 e6 21. Ne5 Qf5 22. Kg2 Rd5 23. Be3 Qxf3+ 24. Kxf3 Nd7 25. Nxd7 Rxd7 26. Rd2 Bf6 27. Red1 Rad8 28. c4 Be7 29. Ke2 Bb4 30. Rd3 f6 31. f3 Kf7 32. g4 Rd6 33. g5 f5 34. Bf4 R6d7 35. Be5 Be7 36. f4 Bb4 37. Ke3 Be7 38. Ke2 Bb4 1/2-1/2

[Event "GRE-ch U16"]
[Site "Patras"]
[Date "2019.06.28"]
[Round "5.2"]
[White "Kasioumis, Vasilios"]
[Black "Kouvidis, Ioannis"]
[Result "1-0"]
[WhiteElo "1994"]
[BlackElo "2053"]
[PlyCount "97"]
[EventDate "2019.06.25"]
[EventType "swiss"]
[EventRounds "9"]
[EventCountry "GRE"]
[SourceTitle "EXT 2020"]
[Source "ChessBase"]
[SourceDate "2019.10.17"]
[SourceVersion "1"]
[SourceVersionDate "2019.10.17"]
[SourceQuality "1"]
[WhiteTeam "Greece"]
[BlackTeam "Greece"]
[WhiteTeamCountry "GRE"]
[BlackTeamCountry "GRE"]

1. e4 e6 2. d4 d5 3. Nc3 Nc6 4. Bb5 dxe4 5. Nxe4 Qd5 6. Qd3 Bd7 7. Nf3 Nb4 8. Bxd7+ Qxd7 9. Qe2 Nf6 10. Nxf6+ gxf6 11. a3 Nc6 12. Be3 0-0-0 13. c4 f5 14. 0-0-0 Bg7 15. d5 Na5 16. Qc2 b6 17. Nd4 Bxd4 18. Bxd4 Rhg8 19. b4 Nb7 20. Bf6 Rde8 21. Rhe1 exd5 22. Rxe8+ Rxe8 23. Rxd5 Qc6 24. Be5 f6 25. b5 Qe6 26. Bc3 Kb8 27. Qd3 a5 28. Qe3 Qxe3+ 29. fxe3 Rxe3 30. Kd2 Re4 31. Bd4 Nd6 32. Kd3 Kb7 33. Bxf6 Nxc4 34. Rxf5 Nd6 35. Rh5 Re6 36. Bd4 Rg6 37. g3 h6 38. Be3 Nf7 39. Rf5 Nd6 40. Re5 Rg4 41. Bf4 Rg6 42. a4 Rg7 43. Re6 Nf5 44. Ke4 Rf7 45. g4 Nd4 46. Rxh6 Nb3 47. g5 Nc5+ 48. Kf3 Nd3 49. Rf6 1-0

[Event "GRE-ch U16"]
[Site "Patras"]
[Date "2019.06.28"]
[Round "6.5"]
[White "Kouvidis, Ioannis"]
[Black "Leftheriotis, Alexandros"]
[Result "1-0"]
[WhiteElo "2053"]
[BlackElo "2053"]
[PlyCount "57"]
[EventDate "2019.06.25"]
[EventType "swiss"]
[EventRounds "9"]
[EventCountry "GRE"]
[SourceTitle "EXT 2020"]
[Source "ChessBase"]
[SourceDate "2019.10.17"]
[SourceVersion "1"]
[SourceVersionDate "2019.10.17"]
[SourceQuality "1"]
[WhiteTeam "Greece"]
[BlackTeam "Greece"]
[WhiteTeamCountry "GRE"]
[BlackTeamCountry "GRE"]

1. e4 c5 2. Nc3 a6 3. g3 b5 4. Bg2 Bb7 5. d3 g6 6. Be3 d6 7. Qd2 Bg7 8. Nge2 Nc6 9. 0-0 Nf6 10. Bh6 0-0 11. Bxg7 Kxg7 12. f4 Rc8 13. h3 Qb6 14. Kh2 Nd4 15. Rae1 e5 16. Nd1 c4 17. Ne3 cxd3 18. cxd3 Nd7 19. f5 f6 20. fxg6 hxg6 21. Nxd4 Qxd4 22. Ng4 Rh8 23. Rc1 Rc5 24. b4 Rc4 25. Nxf6 Rxc1 26. Qxc1 Nxf6 27. Qc7+ Kh6 28. Rxf6 Bc8 29. Qf7 1-0

[Event "GRE-ch U20"]
[Site "Trikala"]
[Date "2019.05.03"]
[Round "6"]
[White "Trimitzios, Petros"]
[Black "Kouvidis, Ioannis"]
[Result "1/2-1/2"]
[WhiteElo "2284"]
[BlackElo "1981"]
[PlyCount "108"]
[EventDate "2019.04.30"]
[EventType "swiss"]
[EventRounds "9"]
[EventCountry "GRE"]
[SourceTitle "CBM 190 Extra"]
[Source "ChessBase"]
[SourceDate "2019.07.15"]
[SourceVersion "1"]
[SourceVersionDate "2019.07.15"]
[SourceQuality "1"]

1. Nf3 Nf6 2. g3 g6 3. b3 Bg7 4. Bb2 0-0 5. Bg2 d6 6. d4 a5 7. 0-0 a4 8. c4 axb3 9. axb3 Rxa1 10. Bxa1 c6 11. Nbd2 Na6 12. Bc3 Nc7 13. Qc2 d5 14. Ne5 Bf5 15. e4 dxe4 16. Nxe4 Ne6 17. Rd1 Qb6 18. c5 Qc7 19. Nc4 Nd5 20. Ba5 Qb8 21. Qb2 Bxe4 22. Bxe4 Nxc5 23. Bxd5 cxd5 24. Nb6 Qa7 25. b4 Ne6 26. Qc3 Re8 27. Kg2 Qa6 28. Nxd5 Qe2 29. Ne3 Qb5 30. Qd3 Qxd3 31. Rxd3 Bxd4 32. Nc2 Be5 33. Rd7 Rb8 34. Bb6 Bd6 35. Ba7 Rc8 36. Ne3 Rc7 37. Rxc7 Nxc7 38. Bb8 Ne8 39. Bxd6 Nxd6 40. Nd5 Kf8 41. f4 e6 42. Nc3 Nf5 43. Kf3 h5 44. Ke4 Ke7 45. Kd3 Kd6 46. Kc4 Kc6 47. Kd3 Nh6 48. Ne4 Nf5 49. Ng5 Nd6 50. Kd4 Kd7 51. Kc5 Kc7 52. Kd4 Kd7 53. Kc5 Kc7 54. Kd4 Kd7 1/2-1/2